| 000 | 00733nam a22002172 4500 | ||
|---|---|---|---|
| 001 | 0000000216 | ||
| 005 | 20151021151041.0 | ||
| 008 | 070117s xx 000 0 eng d | ||
| 020 |
_a0070474222 : _cKES 2,600 |
||
| 040 |
_aKABU _cKABU |
||
| 100 | 1 |
_aO'Brien, James A. _@0000148309 |
|
| 245 | 1 | 0 |
_aIntroduction to information systems : _bessentials for the networked e-business enterprise / _cJames A. O'Brien. |
| 250 | _a10th ed. | ||
| 260 |
_aNew Delhi : _bTata McGraw-Hill, _c2001. |
||
| 300 | _axxvi, 530 p. | ||
| 650 | 0 |
_aBusiness data processing. _@0000148310 |
|
| 650 | 0 |
_aManagement information systems. _@0000148209 |
|
| 908 | _a070117 | ||
| 950 | _@1 | ||
| 999 |
_c82 _d82 |
||